Cartas a la carte /

Zapisane w:
Opis bibliograficzny
1. autor: Labrador Ruiz, Enrique (autor)
Kolejni autorzy: Pita, Juana Rosa (prólogo, selección y edición) (prólogo, selección y edición)
Format: Książka
Język:hiszpański
Wydane: Miami, EUA : Universal, 1991, c1991
Seria:(Clásicos Cubanos)
Hasła przedmiotowe:
Etykiety: Dodaj etykietę
Nie ma etykietki, Dołącz pierwszą etykiete!

MARC

LEADER 00000nam^a2200000^a^4500
001 000308703
005 20250521000000.0
009 20260310112924.263
020 |a 0-89729-581-1 
037 |a Acervo ITESO - Biblioteca 
041 |a ESP 
082 |a 866.  |b LAB 
100 |a Labrador Ruiz, Enrique  |e (autor) 
245 1 0 |a Cartas a la carte /  |c E. Labrador Ruiz ; pról., selec. y ed. de J.R. Pita. 
264 4 |a Miami, EUA :  |b Universal,  |c 1991, c1991 
300 |a 146 p. 
336 |a texto  |b txt  |2 rdacontenido 
337 |a sin mediación  |b n  |2 rdamedio 
338 |a volumen  |b nc  |2 rdasoporte 
440 1 |a (Clásicos Cubanos) 
649 |a XX 
650 |a Cartas Cubanas 
650 |a Literatura Cubana -  |y Siglo XX 
700 |a Pita, Juana Rosa  |e (prólogo, selección y edición) 
910 |a Fondo General 
920 |a Impresos - Libros 
930 |a Colección General 
940 |a Literatura 
905 |a 101 
901 |a 0500195010  |b IT1  |c LIT  |i D55140  |u 20250521 
902 |a https://opac.biblio.iteso.mx/vufind/Record/000308703